Hauts-fonds /
Guardado en:
| Autor Principal: | |
|---|---|
| Formato: | Libro |
| Materias: | |
| Etiquetas: |
Agregar Etiqueta
Sin Etiquetas, Sea el primero en etiquetar este registro!
|
| LEADER | 00404nam a22001455a 4500 | ||
|---|---|---|---|
| 001 | EHU.bham009331 | ||
| 003 | AR-BHAM | ||
| 005 | 20100212182944.0 | ||
| 008 | 130507b######################000#0#####d | ||
| 082 | 8 | 4 | |a 841.9 |
| 100 | 1 | |a Dalle Nogare, Pierre | |
| 245 | 1 | 0 | |a Hauts-fonds / |c Pierre Dalle Nogare. |
| 300 | |a 85 p. | ||
| 653 | |a Poesia francesa-1901- | ||
| 859 | |a AR-BHAM |b BIB. HUMANIDADES - General |h 841.9 |i D163 |p 11.72 |t Ej.1 | ||
